Memorias del levantamiento de Asturias en 1808 / (Record n. 34955)
[ formato base ]
| 000 -LEADER | |
|---|---|
| fixed length control field | 00965nam a2200229 i 4500 |
| 003 - CONTROL NUMBER IDENTIFIER | |
| control field | IT-RoINE |
| 005 - DATE AND TIME OF LATEST TRANSACTION | |
| control field | 20200731065343.0 |
| 008 - FIXED-LENGTH DATA ELEMENTS--GENERAL INFORMATION | |
| fixed length control field | 901015s1988 sp r ||spa d |
| 020 ## - INTERNATIONAL STANDARD BOOK NUMBER | |
| International Standard Book Number | 8472862712 |
| 040 ## - CATALOGING SOURCE | |
| Original cataloging agency | SpMaBN |
| Transcribing agency | SpMaBN IT-RoINE |
| Modifying agency | IT-RoINE |
| 100 1# - MAIN ENTRY--PERSONAL NAME | |
| Personal name | Álvarez Valdés, Ramón, |
| Dates associated with a name | 1787-1858 |
| 9 (RLIN) | 68605 |
| 245 10 - TITLE STATEMENT | |
| Title | Memorias del levantamiento de Asturias en 1808 / |
| Statement of responsibility, etc | Ramón Álvarez Valdés ; prólogo de Francisco Carantoña Álvarez. |
| 260 ## - PUBLICATION, DISTRIBUTION, ETC. (IMPRINT) | |
| Place of publication, distribution, etc | Gijón : |
| Name of publisher, distributor, etc | Silverio Cañada, |
| Date of publication, distribution, etc | 1988. |
| 300 ## - PHYSICAL DESCRIPTION | |
| Extent | 367 p. ; |
| Dimensions | 20 cm. |
| 490 ## - SERIES STATEMENT | |
| Series statement | Biblioteca histórica asturiana ; |
| Volume number/sequential designation | 3 |
| 500 ## - GENERAL NOTE | |
| General note | Incluye: Apéndice documental. |
| 651 #4 - SUBJECT ADDED ENTRY--GEOGRAPHIC NAME | |
| Geographic name | Asturias (España : Comunidad Autónoma) |
| General subdivision | Historia |
| Chronological subdivision | Siglo 19o. |
| Form subdivision | Relatos personales |
| 9 (RLIN) | 68606 |
| 651 #4 - SUBJECT ADDED ENTRY--GEOGRAPHIC NAME | |
| Geographic name | España |
| General subdivision | Historia |
| Chronological subdivision | 1808-1814 (Guerra de la Independencia) |
| Form subdivision | Relatos personales |
| 9 (RLIN) | 65859 |
| 700 1# - ADDED ENTRY--PERSONAL NAME | |
| 9 (RLIN) | 18479 |
| Personal name | Carantoña Álvarez, Francisco, |
| Dates associated with a name | 1957- |
| 830 #0 - SERIES ADDED ENTRY--UNIFORM TITLE | |
| 9 (RLIN) | 18476 |
| Uniform title | Biblioteca histórica asturiana ; |
| Volume number/sequential designation | 3 |
| 942 ## - ADDED ENTRY ELEMENTS (KOHA) | |
| Item type | Monografías |
| Withdrawn status | Lost status | Damaged status | Not for loan | Home library | Current library | Date acquired | Total Checkouts | Full call number | Barcode | Date last seen | Price effective from | Koha item type |
|---|---|---|---|---|---|---|---|---|---|---|---|---|
| Iglesia Nacional Española en Roma | Iglesia Nacional Española en Roma | 31/07/2020 | COL.A 30.3 | 62950 | 31/07/2020 | 31/07/2020 | Monografías |